Rational Design Of Structural Building Systems: Construction And Engineering Manual (Record no. 14322)

000 -LEADER
fixed length control field 00340nam a2200121Ia 4500
008 - FIXED-LENGTH DATA ELEMENTS--GENERAL INFORMATION
fixed length control field 260210s9999 xx 000 0 und d
020 ## - INTERNATIONAL STANDARD BOOK NUMBER
International Standard Book Number 9783869227337
082 ## - DEWEY DECIMAL CLASSIFICATION NUMBER
Classification number 624.171
100 ## - MAIN ENTRY--PERSONAL NAME
Personal name Babaev
245 #0 - TITLE STATEMENT
Title Rational Design Of Structural Building Systems: Construction And Engineering Manual
260 ## - PUBLICATION, DISTRIBUTION, ETC. (IMPRINT)
Name of publisher, distributor, etc DOM Publishers
942 ## - ADDED ENTRY ELEMENTS (KOHA)
Item type UG Books
Source of classification or shelving scheme
Holdings
Withdrawn status Lost status Source of classification or shelving scheme Damaged status Koha normalized classification for sorting Not for loan Permanent location Current location Shelving location Date acquired Full call number Barcode Date last seen Price effective from Koha item type
        624_171000000000000   BMS College of Architecture, Design and Planning BMS College of Architecture, Design and Planning General Stacks 2025-12-17 624.171 AR-UG5239 2026-02-10 2026-02-10 UG Books
Copyright © 2025, The Librarian, Library and Information Centre, BMSCA D&P, Bengaluru. All Rights Reserved
web counter

Powered by Koha